Alfabetyczna Europa - Quiz - Statystyki

Ogólne statystyki
  • Ten quiz został rozwiązany 72 razy
    23 od ostatniego zresetowania
  • Średni wynik to 15 z 25
Statystyki odpowiedzi
Wskazówka Odpowiedź % Poprawnych
A Góry, w których leżą m. in. Szwajcaria, Austria czy Liechtenstein Alpy
100%
D Gatunek drzewa liściastego, który wraz z bukiem i grabem stoi na podium występowania w europejskich lasach Dąb
100%
I Religia dominująca w Bośni i Hercegowinie, Kosowie oraz Albanii Islam
89%
R Najpopularniejszy język w Europie Rosyjski
84%
B Minerał, dla pozyskania którego w początkach naszej ery powstał szlak - od Morza Śródziemnego do Bałtyku Bursztyn
79%
E Nazwisko projektanta 300-metrowej paryskiej wieży, która do dziś jest jednym z symboli Francji Eiffel
79%
T Nazwa pochodzącej z Francji potrawy z surowego mięsa z opcjonalnie surowym żółtkiem jaja i przypraw Tatar
79%
K Półwysep będący terenem spornym Rosji i Ukrainy Krymski
74%
O Zwierzę, które znajduje się na flagach np. Czarnogóry, Serbii czy Albanii Orzeł
74%
P Francuska marka samochodów z lwem na logo Peugeot
74%
U Międzynardowy sojusz liczący 27 państw Unia Europejska
74%
W Państwo, w którego posiadaniu jest największa śródziemnomorska wyspa Włochy
74%
C Alfabet, którym posługuje się większość krajów słowiańskich Cyrylica
68%
H Gatunek popularnego kwiatu wyrastającego z cebulki, który naturalnie rośnie w Europie południowo-wschodniej Hiacynt
68%
J W Słowenii znajduje się najczęściej odwiedzana ________ w Europie Jaskinia
58%
L Francja słynie z pól tej kwitnącej na fioletowo rośliny Lawenda
58%
Ś Nazwa morza, na którego terytorium możemy wyróżnić np. Morze Egejskie, Morze Tyrreńskie czy Morze Adriatyckie Śródziemne
58%
Ż Podjęty ochroną gatunek nieco większy od kota domowego Żbik
58%
M Jedyny żyjący na wolności gatunek ____ w Europie to magoty gibraltarskie Małpy
47%
G Nazwa cieśniny oddzielającej Europę od Afryki oraz Morze Śródziemne od Atlantyku Gibraltarska
42%
S Miasto położone na dwóch kontynentach Stambuł
37%
Ł Nazwa największego jeziora w całości położonego w Europie Ładoga
32%
F Folklorowy taniec Andaluzyjczyków Flamenco
26%
N Nazwa najgłębszej niziny w Europie Nadkaspijska
5%
Z Nazwa holenderskiej prowincji i duńskiej wyspy Zelandia
5%
Nie znaleziono quizów pasujących do podanych kryteriów
Rozkład punktacji
Procent ludzi z każdym wynikiem
Percentyl według liczby udzielonych odpowiedzi
Twoja historia wyników
Nie rozwiązałeś tego quizu od ostatniego zresetowania